| 000 | 00671nam a2200241Ia 4500 | ||
|---|---|---|---|
| 008 | 160319s9999 xx 000 0 und d | ||
| 020 | _a971-23-2170-3 | ||
| 050 | _aFIL BF 637.C6 | ||
| 050 | _b.P33 1997 | ||
| 100 | _aPadolina, Miriam A. | ||
| 245 | _aCounseling and psychotherapy : | ||
| 245 | _btheories, techniques, and applications / | ||
| 245 | _cMiriam A. Padolina, Custodiosa A. Sanchez | ||
| 260 | _aManila: | ||
| 260 | _bRex Book Store, Inc., | ||
| 260 | _c1997 | ||
| 300 | _a261 pages : | ||
| 300 | _c23 cm. | ||
| 500 | _aIncludes bibliographical references. | ||
| 650 | _aCounseling. | ||
| 650 | _aPsychotherapy. | ||
| 650 | _xPsychotherapy. | ||
| 999 |
_c291571 _d291571 |
||